00311nam a22001097a 450000500170000000800410001702000150005805000200007310000180009324500500011126000400016120260328094314.0260328b |||||||| |||| 00| 0 eng d a812721843X aPE1128b.A2 SAH aSahu Binod K. aPrinciples of Teaching EnglishcBinod K. Sahu aNew DelhibKalyani Publishersc2004